Normal view
MARC view
Entry Topical Term
001 - CONTROL NUMBER
- control field: 12502
003 - CONTROL NUMBER IDENTIFIER
- control field: ARRUPE
005 - DATE AND TIME OF LATEST TRANSACTION
- control field: 20141107143317.0
008 - FIXED-LENGTH DATA ELEMENTS
- fixed length control field: 141107|| aca||aabn | a|a d
040 ## - CATALOGING SOURCE
- Original cataloging agency: ARRUPE
- Transcribing agency: ARRUPE
150 ## - HEADING--TOPICAL TERM
- Topical term or geographic name as entry element: Political and government
- General subdivision: colonial period
- Chronological subdivision: ca. 1600-1775
- Geographic subdivision: United States
670 ## - SOURCE DATA FOUND
- Source citation: Work cat.: (ARRUPE): Franklin, Benjamin 12500, Benjamin Franklin Writings, 1987